Personnages secondaire One Piece - Statistiques

Statistiques générales
  • Ce quiz a été pris 363 fois
  • Le résultat moyen est 22 sur 27
Statistiques - réponses
Hint Réponse % Correct
Cuisinier à la jambe de bois Zeff
96%
Animal marin en lien avec Brook Laboon
95%
Jeune moussaillon devenue Capitaine de la marine Kobby
93%
Mere adoptive de Luffy, Sabo et Ace Dadan
91%
Arnaqueur pro dans le jeu du Davy Back Fight Foxy
91%
marine fan des épées Tashigi
90%
Est surnomé la "hyène" Bellamy
89%
Capitaine de l'équipage des pirates Kuja Boa hancock
89%
Roi du Royaume Ryugu de l'île des hommes poissons Neptune
89%
A rendu jaloux Sanji à cause de son pouvoir Absalom
88%
Roi d'Alabasta Cobra
87%
Hypnotiseur de talent Jango
87%
Femme-harpie surnomée "la femme-neige" Monet
87%
Animal de compagnie de Vivi Karoo
85%
Alié de luffy pour assassiner big mom Capone "Gang" Bege
83%
petite fille de wano kuni, créer des boulettes de nourriture de ses joues O-Tama
81%
Ex Commandant de la 3ème flotte de L'Équipage de Barbe Blanche Joz
80%
Soldat-jouet unijambiste Kyros
79%
Homme poisson épéiste Octo
75%
Sirène accompagnée d'une étoile de mer camie
73%
Le plus lache du CP9 Spandam
73%
Chef des guerriers Skandya Wiper
73%
Actuel directeur d'Impel Down Hannyabal
72%
Se combat avec des cordes Pauly
71%
Mink, capitaine des Gardiens de la Forêt de la Baleine Pedro
69%
A le fruit du bovin version bison Dalton
68%
Dresseur de tigre à fourrure blanche Morge
64%
Aucun quiz correspondant
Distribution des résultats
% des personnes avec chaque résultat
Percentile par nombre de réponses
Votre historique - résultats
Vous n’avez pas pris ce quiz